LIBRARY ONLINE CATALOGUE

Upgrading and repairing PCs / (Record no. 7871)

MARC details
000 -LEADER
fixed length control field 00671cam a22002172 4500
001 - CONTROL NUMBER
control field 0000009333
005 - DATE AND TIME OF LATEST TRANSACTION
control field 20151217152053.0
008 - FIXED-LENGTH DATA ELEMENTS--GENERAL INFORMATION
fixed length control field 080928s xx 000 0 eng d
020 ## - INTERNATIONAL STANDARD BOOK NUMBER
International Standard Book Number 0789703211 :
Terms of availability KES 400
040 ## - CATALOGING SOURCE
Original cataloging agency KABU
Transcribing agency KABU
100 1# - MAIN ENTRY--PERSONAL NAME
Personal name Mueller, Scott.
-- 0000160593
245 10 - TITLE STATEMENT
Title Upgrading and repairing PCs /
Statement of responsibility, etc. Scott Mueller.
250 ## - EDITION STATEMENT
Edition statement 5th ed.
260 ## - PUBLICATION, DISTRIBUTION, ETC. (IMPRINT)
Place of publication, distribution, etc. Indianapolis, IN :
Name of publisher, distributor, etc. Que,
Date of publication, distribution, etc. 1995.
300 ## - PHYSICAL DESCRIPTION
Extent xxx, 1394 p. +
Accompanying material 1 CD-ROM.
650 #0 - SUBJECT ADDED ENTRY--TOPICAL TERM
Topical term or geographic name as entry element Microcomputers
General subdivision Maintenance and repairs.
-- 0000160594
650 #0 - SUBJECT ADDED ENTRY--TOPICAL TERM
Topical term or geographic name as entry element Microcomputers
General subdivision Upgrading.
-- 0000156435
908 ## - PUT COMMAND PARAMETER (RLIN)
Put command parameter 080928
950 ## - LOCAL HOLDINGS (RLIN)
-- 1
Holdings
Withdrawn status Lost status Source of classification or shelving scheme Not for loan Home library Current library Date acquired Total Checkouts Full call number Barcode Date last seen Price effective from Koha item type
    Library of Congress Classification   Kabarak, Main Campus Kabarak, Main Campus 17/12/2015   TK7887 .M84 1995 c. 1 009265 17/12/2015 17/12/2015 General Collection